000
00243 a2200109 4500
001
119704
040
_c
Escola Canadense de Niteroi
245
1
0
_a
Alfabeto 4 letras[Banner]
650
4
_a
Alfabeto
650
4
_a
LĂngua Portuguesa
942
_c
MATP
999
_c
119704
_d
119704